00366nam a22001217a 4500008004100000050002300041100002100064245004000085260003800125300002000163500002000183650004100203170114b xxu||||| |||| 00| 0 eng d aNA1080 .M57V6 1960 aVon Eckardt,Wolf aEric Mendelsohn /cWolf von Eckardt aNew York :bG. Braziller, cc1960 a128p. :bill. ; aincludes index. a Mendelsohn, Erich, x1887-1953.